The Disintegration of the Wolf Creek meteorite and the formation of pecoraite : the nickel analog of clinochrysotile /

Bibliographic Details
Other Authors: Faust, George Tobias, 1908-1985
Format: Government Document Book
Language:English
Published: Washington : U.S. Govt. Print. Off, 1973 [i.e. 1974]
Series:Studies of the natural phases in the system MgO-SiO₂-H₂O and the systems containing the congeners of magnesium.
Geological Survey professional paper ; 384-C.
Subjects:

MARC

Tag First Indicator Second Indicator Subfields
LEADER 00000cam a2200000 4500
001 in00002784897
005 20151202171857.0
008 740606s1974 dcua b f000 0 eng
010 |a  73600160  
035 |a (OCoLC)ocm02750908 
035 |a (OCoLC)2750908 
040 |a DLC  |c DLC  |d OCLCQ  |d BTCTA  |d OCLCG  |d OCLCA  |d UtOrBLW 
043 |a u-at-we 
049 |a TXAM 
050 0 0 |a QE75  |b .P9 no. 384-C 
082 0 0 |a 557.3/08 s  |a 549/.67 
086 0 |a I 19.16:384-C 
245 0 4 |a The Disintegration of the Wolf Creek meteorite and the formation of pecoraite :  |b the nickel analog of clinochrysotile /  |c by George T. Faust [and others]. 
264 1 |a Washington :  |b U.S. Govt. Print. Off,  |c 1973 [i.e. 1974] 
300 |a vi, 107-135 pages :  |b illustrations ;  |c 29 cm. 
336 |a text  |b txt  |2 rdacontent 
337 |a unmediated  |b n  |2 rdamedia 
338 |a volume  |b nc  |2 rdacarrier 
490 1 |a Studies of the natural phases in the system MgO-SiO₂-H₂O and the systems containing the congeners of magnesium 
490 1 |a Geological Survey professional paper 384-C 
504 |a Bibliography: pages 133-135. 
650 0 |a Pecoraite  |z Australia  |z Western Australia. 
650 0 |a Meteorites, Iron. 
700 1 |a Faust, George Tobias,  |d 1908-1985. 
830 0 |a Studies of the natural phases in the system MgO-SiO₂-H₂O and the systems containing the congeners of magnesium. 
830 0 |a Geological Survey professional paper ;  |v 384-C. 
948 |a cataloged  |b h  |c 2012/12/14  |d c  |e mvaldespin  |f 01:23:10 pm 
994 |a C0  |b TXA 
999 |a MARS 
999 f f |s 11d97043-4b40-3ce9-a5e5-ee9cf529f9b2  |i 7bdb33d9-3970-3e7a-b934-38a8e40fffad  |t 0 
952 f f |p normal  |a Texas A&M University  |b College Station  |c Sterling C. Evans Library  |d Evans: US Documents (Annex 5th floor)  |t 0  |e I 19.16:382-A-385  |h Superintendent of Documents classification  |i unmediated -- volume  |m A14837789682 
952 f f |a Texas A&M University  |b College Station  |c Sterling C. Evans Library  |d Evans: US Documents (Annex 5th floor)  |t 0  |e I 19.16:382-A-385  |h Superintendent of Documents classification 
998 f f |a I 19.16:382-A-385  |t 0  |l Evans: US Documents (Annex 5th floor)